| 000 | 01272nkm a2200277 i 4500 | ||
|---|---|---|---|
| 001 | 4361 | ||
| 003 | ES-MaACL | ||
| 005 | 20250713063026.0 | ||
| 007 | khrbo | ||
| 008 | 070710s1988 sp --- g |001||spa d | ||
| 100 | 0 |
_aAlfonso, _d1902-1990 _919858 |
|
| 245 | 1 | 0 |
_aConferencia sobre José Martí [ _hFotografía] / _cAlfonso (sello). |
| 260 |
_a[S.l. : _bs.n.], _c1988. |
||
| 300 |
_a2 fot. : _bb. y n. ; _c12 x 18 cm. |
||
| 500 | _aDatos basados en invitación. | ||
| 511 | 0 | _aInterviene: Pablo Armando Fernández; presenta: José Prat. | |
| 518 | _aActo organizado por el Ateneo de Madrid en colaboración con la Dirección General de Relaciones Culturales del Ministerio de Asuntos Exteriores, celebrado en la sala de conferencias el sábado, 11 de junio de 1988, a las 19:30 h. | ||
| 600 | 1 | 4 |
_aFernández Pérez, Pablo Armando. _949997 |
| 600 | 1 | 4 |
_aPrat, José, _d1905-1994 _993665 |
| 610 | 2 | 4 |
_aAteneo de Madrid- _xActos culturales- _y1988- _vFotografías. _91903 |
| 710 | 2 |
_aAteneo de Madrid. _91875 |
|
| 710 | 1 |
_aEspaña. _bDirección General de Relaciones Culturales. _93782 |
|
| 852 |
_aES-MaACL _jFOT 175/1988 |
||
| 856 | 4 |
_uhttp://www.ateneodemadrid.net/biblioteca_digital/imagenes/1988/0175-1988.jpg _zVer imagen |
|
| 999 |
_c4361 _d4361 |
||